Essential Nursing Skills / (Record no. 10886)
[ view plain ]
| 000 -LEADER | |
|---|---|
| fixed length control field | 00648nam a22001937a 4500 |
| 008 - FIXED-LENGTH DATA ELEMENTS--GENERAL INFORMATION | |
| fixed length control field | 090218t xxu||||| |||| 00| 0 eng d |
| 020 ## - INTERNATIONAL STANDARD BOOK NUMBER | |
| International Standard Book Number | 9780723434740 |
| 082 ## - DEWEY DECIMAL CLASSIFICATION NUMBER | |
| Edition number | 22 |
| Classification number | 610.73 |
| Item number | NIC |
| 245 ## - TITLE STATEMENT | |
| Title | Essential Nursing Skills / |
| Statement of responsibility, etc | Maggie Nicol ... [et al.]. |
| 250 ## - EDITION STATEMENT | |
| Edition statement | 3rd ed. |
| 260 ## - PUBLICATION, DISTRIBUTION, ETC. (IMPRINT) | |
| Place of publication, distribution, etc | Edinburgh : |
| Name of publisher, distributor, etc | Mosby/Elsevier, 2008 |
| Date of publication, distribution, etc | c2008. |
| 300 ## - PHYSICAL DESCRIPTION | |
| Extent | viii, 361 p. : |
| Other physical details | ill. ; |
| Dimensions | 24 cm. |
| 490 ## - Series Statement | |
| Series statement | Essential skills for nurses series; |
| -- | 13873 |
| 504 ## - BIBLIOGRAPHY, ETC. NOTE | |
| Bibliography, etc | Includes bibliographical references and index. |
| 650 ## - SUBJECT ADDED ENTRY--TOPICAL TERM | |
| 9 (RLIN) | 2161 |
| Topical term or geographic name as entry element | Nursing Care |
| General subdivision | methods |
| Chronological subdivision | Handbooks. |
| 650 ## - SUBJECT ADDED ENTRY--TOPICAL TERM | |
| 9 (RLIN) | 2162 |
| Topical term or geographic name as entry element | Nursing. |
| 700 ## - ADDED ENTRY--PERSONAL NAME | |
| 9 (RLIN) | 12438 |
| Personal name | Nicol, Maggie |
| 942 ## - ADDED ENTRY ELEMENTS (KOHA) | |
| Source of classification or shelving scheme | Dewey Decimal Classification |
| Item type | |
| Withdrawn status | Item status | Source of classification or shelving scheme | Damaged status | Not for loan | Vendor | Home library | Current library | Shelving location | Date acquired | Source of acquisition | Cost, normal purchase price | Serial Enumeration / chronology | Total Checkouts | Total Renewals | Full call number | Barcode | Date last seen | Date last borrowed | Koha item type |
|---|---|---|---|---|---|---|---|---|---|---|---|---|---|---|---|---|---|---|---|
| Dewey Decimal Classification | Central Library | Central Library | First floor | 18/02/2009 | 248.00 | 0923 | 11 | 36 | 610.73 NIC NR | 000014841 | 16/04/2026 | 14/04/2026 | Book - Borrowing | ||||||
| Dewey Decimal Classification | Central Library | Central Library | First floor | 18/02/2009 | 248.00 | 0923 | 12 | 21 | 610.73 NIC NR | 000014842 | 21/04/2026 | 14/04/2026 | Book - Borrowing | ||||||
| Dewey Decimal Classification | Academic Bookshop | Central Library | Central Library | First floor | 09/03/2010 | 610.73 NIC NR | 000019843 | 15/07/2025 | NB - Book (Non borrowing) |